سے بھللے شاہ / (Record no. 107944)

MARC details
000 -LEADER
fixed length control field 00903nam a22002777a 4500
005 - DATE AND TIME OF LATEST TRANSACTION
control field 20170123162333.0
010 ## - LIBRARY OF CONGRESS CONTROL NUMBER
LC control number A-521757
020 ## - INTERNATIONAL STANDARD BOOK NUMBER
Terms of availability 00.00
035 ## - SYSTEM CONTROL NUMBER
System control number A-521757
037 ## - SOURCE OF ACQUISITION
Source of stock number/acquisition Cen Lib/Ret
040 ## - CATALOGING SOURCE
Original cataloging agency DPL
Language of cataloging UR
082 ## - DEWEY DECIMAL CLASSIFICATION NUMBER
Classification number 841.08
Item number ب ل و
100 ## - MAIN ENTRY--PERSONAL NAME
Personal name جے آر پوری
9 (RLIN) 108501
245 ## - TITLE STATEMENT
Title سے بھللے شاہ /
Statement of responsibility, etc جے آر پوری اور تی آر شنگاری
246 ## - VARYING FORM OF TITLE
Title proper/short title Saye bhulle shah /
Remainder of title by J R. Puri [and] T R. Shengkari
260 ## - PUBLICATION, DISTRIBUTION, ETC. (IMPRINT)
Name of publisher, distributor, etc رادھا سوامی ستسنگ
Date of publication, distribution, etc 1978
Place of publication, distribution, etc بیاس
270 ## - ADDRESS
City بیاس
300 ## - PHYSICAL DESCRIPTION
Extent 489p.
Dimensions 21cm(Hb)
500 ## - GENERAL NOTE
General note کتابیات شامل
650 ## - SUBJECT ADDED ENTRY--TOPICAL TERM
Topical term or geographic name as entry element ادب -- اردو
9 (RLIN) 140825
650 ## - SUBJECT ADDED ENTRY--TOPICAL TERM
Topical term or geographic name as entry element اردو نظم
9 (RLIN) 140826
650 ## - SUBJECT ADDED ENTRY--TOPICAL TERM
Topical term or geographic name as entry element Literature -- Urdu
9 (RLIN) 140827
650 ## - SUBJECT ADDED ENTRY--TOPICAL TERM
Topical term or geographic name as entry element Urdu poetry
9 (RLIN) 140828
700 ## - ADDED ENTRY--PERSONAL NAME
Personal name تی آر شنگکاری
9 (RLIN) 122741
942 ## - ADDED ENTRY ELEMENTS (KOHA)
Source of classification or shelving scheme Dewey Decimal Classification
Koha item type Urdu Bks
Classification part 841.092
Call number suffix ب ل و
Holdings
Withdrawn status Lost status Damaged status Not for loan Home library Current library Date acquired Source of acquisition Cost, normal purchase price Total Checkouts Full call number Barcode Date last seen Copy number Cost, replacement price Price effective from Koha item type
        Central Library Central Library 13/01/2016 Cen Lib/Ret 0.00   841.08 ب ل و A-521757 13/01/2016 1 0.00 13/01/2016 Urdu Bks

© Delhi Public Library
Hit Counter
free hit counter